Russian Cities by Number of Letters - Statistics

General Stats
  • This quiz has been taken 98 times
  • The average score is 10 of 15
Answer Stats
Letters
long
No. valid
answers
Answer(s) % Correct
6 10 Moscow | Samara | Tyumen | Ryazan | Surgut | Kaluga | Grozny | Kurgan | Tambov | Khimki
96%
11 11 Novosibirsk | Chelyabinsk | Rostov-on-Don | Krasnoyarsk | Makhachkala | Vladivostok | Kaliningrad | Arkhangelsk | Nizhny Tagil | Cherepovets | Sterlitamak
96%
4 4 Omsk | Perm | Tula | Tver
89%
15 1 Saint Petersburg
86%
5 8 Kazan | Tomsk | Kirov | Penza | Kursk | Sochi | Chita | Oryol
84%
3 1 Ufa
81%
8 10 Voronezh | Tolyatti | Orenburg | Kemerovo | Belgorod | Vladimir | Volzhsky | Smolensk | Murmansk | Kostroma
79%
9 6 Volgograd | Krasnodar | Ulyanovsk | Yaroslavl | Astrakhan | Stavropol
76%
7 12 Saratov | Izhevsk | Barnaul | Irkutsk | Lipetsk | Ulan-Udè | Ivanovo | Bryansk | Yakutsk | Saransk | Podolsk | Vologda
73%
14 2 Nizhny Novgorod | Nizhnevartovsk
71%
13 1 Yekaterinburg
61%
10 6 Khabarovsk | Balashika | Cheboksary | Sevastopol | Simferopol | Yoshkar-Ola
50%
12 5 Novokuznetsk | Magnitogorsk | Ordzonikidse | Petrozavodsk | Novorossijsk
29%
23* extra Petropavlovsk-Kamchatsky
29%
17 1 Naberezhnye Chelny
20%
No matching quizzes found
Score Distribution
Percent of People with Each Score
Percentile by Number Answered
Your Score History
You have not taken this quiz